[Event "SF Werden - SV Mülheim Nord 4"]
[Site "?"]
[Date "2018.03.18"]
[Round "8"]
[White "Frank, Carolin"]
[Black "Nowak, Michael"]
[Result "0-1"]
[WhiteElo "1543"]
[BlackElo "1926"]
[PlyCount "38"]

1. Nf3 c5 2. c4 Nc6 3. d4 cxd4 4. Nxd4 e5 5. Nxc6 bxc6 6. g3 Nf6 7. Bg2 Bb4+ 8.
Bd2 Rb8 9. O-O d5 10. cxd5 cxd5 11. Bxb4 Rxb4 12. Qc2 O-O 13. Nd2 Ba6 14. Nb3
Qb6 15. Rad1 Bc4 16. Rfe1 a5 17. Rd2 a4 18. Na1 Bxa2 19. Qd3 Rd4 0-1

[Event "SF Essen-Katernberg  3 - SV Bottrop 1"]
[Site "Verbandsliga, Gruppe 1 2017/2"]
[Date "2018.03.18"]
[Round "8.1"]
[White "Stadtmann, Jens"]
[Black "Villwock, Martin"]
[Result "1-0"]
[WhiteElo "2128"]
[BlackElo "2101"]
[PlyCount "115"]
[EventDate "2018.??.??"]

1. c4 e5 2. a3 Nf6 3. h3 d5 4. cxd5 Nxd5 5. Nf3 Nc6 6. e4 Nf6 7. Nc3 Bc5 8. Bb5
Bd7 9. O-O Qe7 10. d3 h6 11. Be3 O-O 12. Re1 Rad8 13. Nd5 Nxd5 14. exd5 Nd4 15.
Bxd4 Bxb5 16. Rxe5 Qd6 17. Bxc5 Qxc5 18. Rc1 Qd6 19. Qb3 Ba6 20. d4 Rfe8 21.
Qe3 Bb5 22. Rc5 Bd7 23. Qf4 f6 24. Rxe8+ Bxe8 25. Qxd6 cxd6 26. Rc7 Rd7 27. Rc8
Kf7 28. Nh4 h5 29. f3 g5 30. Nf5 Kg6 31. Rxe8 Kxf5 32. g4+ hxg4 33. hxg4+ Kg6
34. Rg8+ Kf7 35. Rc8 f5 36. gxf5 Kf6 37. Rf8+ Rf7 38. Re8 Kxf5 39. Kf2 Rc7 40.
Rf8+ Kg6 41. b4 Rc3 42. Rd8 Rxa3 43. Rxd6+ Kf5 44. Rd7 b6 45. Ke2 a5 46. Rf7+
Kg6 47. Rb7 axb4 48. Rxb6+ Kf5 49. Rxb4 Ra2+ 50. Ke3 Ra3+ 51. Ke2 Ra2+ 52. Kd3
Ra3+ 53. Kc4 Rxf3 54. Rb8 g4 55. Rf8+ Ke4 56. Re8+ Kf4 57. d6 g3 58. d7 1-0

[Event "SF Essen-Katernberg  3 - SV Bottrop 1"]
[Site "Verbandsliga, Gruppe 1 2017/2"]
[Date "2018.03.18"]
[Round "8.2"]
[White "Stratmann, Holger"]
[Black "Boehm, Joachim"]
[Result "0-1"]
[WhiteElo "2009"]
[BlackElo "2123"]
[PlyCount "100"]
[EventDate "2018.??.??"]

1. d4 d5 2. Nf3 Nf6 3. e3 c5 4. b3 cxd4 5. exd4 Nc6 6. Bd3 Bg4 7. Bb2 Qa5+ 8.
Bc3 Qc7 9. O-O e6 10. a3 Bd6 11. h3 Bh5 12. Bb2 O-O 13. Nbd2 Bf4 14. g4 Bg6 15.
Bxg6 hxg6 16. Re1 Rac8 17. c4 Bxd2 18. Nxd2 Qf4 19. cxd5 Nxd5 20. Nf3 Rfd8 21.
Qe2 Qh6 22. h4 Qf4 23. Qe4 Qxe4 24. Rxe4 Nf6 25. Rf4 Ne7 26. Ne5 Rc2 27. Rb1
Nc6 28. Nxf7 Kxf7 29. g5 Rd5 30. gxf6 gxf6 31. b4 a6 32. Kg2 Ne7 33. Kg1 Rf5
34. Rxf5 Nxf5 35. a4 b5 36. axb5 axb5 37. Kf1 Nxh4 38. Bc1 Nf5 39. Be3 g5 40.
Ke1 Rc4 41. d5 Nxe3 42. dxe6+ Kxe6 43. fxe3 Rc2 44. Rd1 Rh2 45. Rd4 Ke5 46. Rd8
Rh4 47. Re8+ Kf5 48. Ke2 Rxb4 49. Kf3 g4+ 50. Kg3 Re4 0-1

[Event "SF Essen-Katernberg  3 - SV Bottrop 1"]
[Site "Verbandsliga, Gruppe 1 2017/2"]
[Date "2018.03.18"]
[Round "8.4"]
[White "Riesenbeck, Juergen"]
[Black "Nowak, Steven"]
[Result "1-0"]
[WhiteElo "1968"]
[BlackElo "1952"]
[Annotator "Daniel"]
[PlyCount "53"]
[EventDate "2018.??.??"]

1. Nf3 Nf6 2. g3 d5 3. Bg2 c5 4. O-O Nc6 5. d4 Bf5 6. c4 e6 7. Nc3 dxc4 8. Qa4
Be7 9. dxc5 Bxc5 10. Ne5 O-O 11. Nxc6 bxc6 12. Qxc4 Qe7 13. Bg5 h6 14. Bxf6
gxf6 15. Rac1 Rab8 16. Na4 Bd6 17. a3 c5 18. Nxc5 Bxc5 19. Qxc5 Qxc5 20. Rxc5
Rxb2 21. Bf3 Rb6 22. Ra5 a6 23. g4 Bg6 24. Rc1 Rd6 25. Rc7 f5 26. h3 fxg4 27.
hxg4 {Rest nicht nachvollziehbar!} 1-0

[Event "SF Essen-Katernberg  3 - SV Bottrop 1"]
[Site "Verbandsliga, Gruppe 1 2017/2"]
[Date "2018.03.18"]
[Round "8.5"]
[White "Masberg, Stefan"]
[Black "Mueller-Clostermann, Bruno"]
[Result "0-1"]
[WhiteElo "1912"]
[BlackElo "1991"]
[Annotator "Daniel"]
[PlyCount "110"]
[EventDate "2018.??.??"]

1. d4 c5 2. Nf3 cxd4 3. Nxd4 d5 4. Bf4 f6 5. Bg3 e5 6. Nb3 Nc6 7. e3 Be6 8. c3
Nh6 9. h3 Qd7 10. N1d2 Rd8 11. Nf3 Bd6 12. Bh2 O-O 13. Be2 Kh8 14. Qd2 Rb8 15.
g4 b5 16. Rd1 Rfd8 17. Bg3 b4 18. O-O a5 19. Qc2 a4 20. Nc1 bxc3 21. bxc3 a3
22. Nb3 Rdc8 23. Qd2 Nf7 24. Rb1 Qc7 25. Rfc1 Na5 26. Qd1 g6 27. Nfd2 Kg7 28.
Nxa5 Qxa5 29. Nb3 Qc7 30. Ba6 Rd8 31. Qf1 Ng5 32. Be2 h5 33. c4 Qd7 34. cxd5
Bxd5 35. Rd1 Qe6 36. Rd3 hxg4 37. Rbd1 Nxh3+ 38. Kh2 Rh8 39. Rxd5 Nf4+ 40. Kg1
Nxd5 41. Bc4 Qf5 42. Bxd5 $11 e4 43. Qg2 Bxg3 44. fxg3 Rhd8 45. Qe2 Rbc8 46.
Qd2 Qf3 47. Nd4 Qxg3+ 48. Kf1 Rxd5 49. Ne6+ Kh6 50. Qxd5 Qf3+ 51. Ke1 Rc2 52.
Rd2 Rc1+ 53. Rd1 Qxe3+ 54. Kf1 g3 55. Rxc1 Qf2# 0-1

[Event "SF Essen-Katernberg  3 - SV Bottrop 1"]
[Site "Verbandsliga, Gruppe 1 2017/2"]
[Date "2018.03.18"]
[Round "8.6"]
[White "Schmitz, Edgar"]
[Black "Gierse, Heinz-Dieter"]
[Result "1/2-1/2"]
[WhiteElo "1849"]
[BlackElo "1938"]
[Annotator "Daniel"]
[PlyCount "97"]
[EventDate "2018.??.??"]

1. e4 d5 2. exd5 Nf6 3. d4 Nxd5 4. c4 Nb6 5. Nc3 e5 6. Nge2 exd4 7. Nxd4 Bb4 8.
Be3 O-O 9. Bd3 Re8 10. O-O Nc6 11. Nxc6 bxc6 12. Qc2 g6 13. Ne4 Be7 14. Rad1
Bd7 15. b3 f5 16. Nc5 Bf6 17. Rfe1 Re7 18. Be2 Qe8 19. Bf3 Rd8 20. Re2 Rc8 21.
g3 Be6 22. Nxe6 Rxe6 23. Red2 Rd8 24. Rxd8 Bxd8 25. Kg2 Be7 26. Bf4 Qc8 27. Qd2
Bd6 28. Be3 c5 29. a4 c6 30. Qa5 Nd7 31. Qxa7 Ne5 32. Bf4 Nxf3 33. Bxd6 Ne1+
34. Kf1 Qe8 35. Qb8 Qxb8 36. Bxb8 Nc2 37. Bd6 Nd4 38. Bxc5 Nxb3 39. Bb6 Re4 40.
c5 Rxa4 $11 41. Rd6 Ra1+ 42. Kg2 g5 43. h3 Kf7 44. Rxc6 Rc1 45. Bd8 g4 46. Bg5
gxh3+ 47. Kxh3 Rxc5 48. Rxc5 Nxc5 49. Kg2 1/2-1/2

[Event "SF Essen-Katernberg  3 - SV Bottrop 1"]
[Site "Verbandsliga, Gruppe 1 2017/2"]
[Date "2018.03.18"]
[Round "8.7"]
[White "Tochtrop, Lothar"]
[Black "Armbruester, Juergen"]
[Result "1-0"]
[WhiteElo "1845"]
[BlackElo "1836"]
[PlyCount "61"]
[EventDate "2018.??.??"]

1. e4 e5 2. Nf3 Nf6 3. d4 Nxe4 4. Bd3 d5 5. Nxe5 Bd6 6. O-O O-O 7. f3 Bxe5 8.
dxe5 Nc5 9. Nc3 Nc6 10. f4 d4 11. Ne4 Nxe4 12. Bxe4 f5 13. exf6 Qxf6 14. Qf3
Bf5 15. Bd5+ Kh8 16. Qb3 Rab8 17. Bd2 Ne7 18. Bf3 b6 19. Rfe1 Rfe8 20. Qa4 a5
21. Re5 Red8 22. Rae1 Ng6 23. R5e2 Bd7 24. Qc4 c5 25. Bh5 Re8 26. Qd5 Rxe2 27.
Rxe2 Bc6 28. Qe6 Re8 29. Qxf6 gxf6 30. Rxe8+ Bxe8 31. f5 1-0

[Event "SF Essen-Katernberg  3 - SV Bottrop 1"]
[Site "Verbandsliga, Gruppe 1 2017/2"]
[Date "2018.03.18"]
[Round "8.8"]
[White "Dette, Tim"]
[Black "Huestegge, Ulrich"]
[Result "1/2-1/2"]
[WhiteElo "1816"]
[BlackElo "1819"]
[PlyCount "23"]
[EventDate "2018.??.??"]

1. e4 e5 2. d4 exd4 3. Nf3 c5 4. c3 Nc6 5. Bc4 Be7 6. cxd4 cxd4 7. Nxd4 Bf6 8.
Nf5 d5 9. Qxd5 Qxd5 10. Bxd5 Bxf5 11. exf5 Nge7 12. Bxc6+ 1/2-1/2

[Event "Sport Union Annen 1 - SV Kamen 2"]
[Site "Verbandsliga, Gruppe 1 2017/2"]
[Date "2018.03.18"]
[Round "8.1"]
[White "Koch, Marcel"]
[Black "Mainka, Gregor"]
[Result "1/2-1/2"]
[WhiteElo "1900"]
[BlackElo "2183"]
[Annotator "Daniel"]
[PlyCount "179"]
[EventDate "2018.??.??"]

1. d4 e6 2. Nf3 c5 3. e3 Nf6 4. c4 cxd4 5. Nxd4 a6 6. Nc3 b6 7. Be2 Bb7 8. Bf3
Nc6 9. Nxc6 Bxc6 10. Bxc6 dxc6 11. Qf3 Qc7 12. Bd2 Be7 13. Ne2 O-O 14. O-O Nd7
15. Bc3 b5 16. cxb5 axb5 17. a3 c5 18. Rac1 Nb6 19. Qg4 $11 g6 20. g3 Ra4 21.
Qh3 Nd5 22. Rfd1 Qb8 23. Nf4 Nxc3 24. Rxc3 b4 25. Rc4 Qb5 26. Qf1 bxa3 27. Rxa4
Qxa4 28. bxa3 Qxa3 29. Qc4 Qa8 30. h4 Rb8 31. h5 Qf3 32. Rc1 gxh5 33. Nd3 Bd6
34. Qh4 h6 35. Ne1 Qg4 36. Qf6 Bf8 37. Nd3 Qe4 38. Ne5 Rb7 39. Nf3 Rb1 40. Rxb1
Qxb1+ 41. Kh2 Qb7 42. Ne5 Qc7 43. Nc4 Qd7 44. Ne5 Qe7 45. Qf4 Bg7 46. Nd3 Bf8
47. Ne5 $11 Kg7 48. Nd3 Qg5 49. Qc4 Qf5 50. Kg2 h4 51. gxh4 Be7 52. f3 Bxh4 53.
Nxc5 Qg6+ 54. Qg4 Bg5 55. e4 h5 56. Qg3 Be7 57. Nd3 Bh4 58. Qxg6+ Kxg6 59. Kh3
Bg5 60. Kg3 Be3 61. Ne5+ Kf6 62. Nd3 Kg5 63. Kh3 Bf4 64. Kg2 Bc7 65. Kh3 h4 66.
Kg2 Bg3 67. Kh3 Kf6 68. Kg4 Ke7 69. Nb2 Kd6 70. Nd3 f6 71. Kh3 Kc6 72. Kg4 Kb5
73. Nb2 Kc5 74. Na4+ Kb5 75. Nc3+ Kc4 76. Na4 Kb5 77. Nc3+ Kb4 78. Ne2 Kc4 79.
Nxg3 hxg3 80. Kxg3 Kc3 81. Kf2 Kd4 82. Ke2 f5 83. exf5 exf5 84. Kf2 Kd3 85. f4
Ke4 86. Ke2 Kxf4 87. Kf2 Ke4 88. Ke2 f4 89. Kf2 f3 90. Kf1 1/2-1/2

[Event "Sport Union Annen 1 - SV Kamen 2"]
[Site "Verbandsliga, Gruppe 1 2017/2"]
[Date "2018.03.18"]
[Round "8.2"]
[White "Reinoehl, Christian"]
[Black "Neumann, Carsten"]
[Result "0-1"]
[WhiteElo "2083"]
[BlackElo "2022"]
[PlyCount "102"]
[EventDate "2018.??.??"]

1. e4 d6 2. d4 g6 3. Nc3 Bg7 4. Nf3 a6 5. Bf4 b5 6. a4 b4 7. Nd5 a5 8. c3 c6 9.
Ne3 Na6 10. h3 Nh6 11. Qd2 bxc3 12. bxc3 f5 13. e5 Nf7 14. Nc4 Nc7 15. Ng5 d5
16. Nxf7 Kxf7 17. Nb6 Rb8 18. Nxc8 Qxc8 19. Bd3 Ne6 20. g4 fxg4 21. hxg4 c5 22.
Be3 cxd4 23. cxd4 Rb4 24. f4 Nxd4 25. Bxd4 Rxd4 26. Rf1 Rb4 27. f5 Bxe5 28. Rc1
Qb8 29. fxg6+ Kg7 30. Rf7+ Kg8 31. Qg5 Bf6 32. Rxf6 exf6 33. Qxd5+ Kg7 34. Qf7+
Kh6 35. g7 Qe8+ 36. Qxe8 Rxe8+ 37. Kd2 Rxg4 38. Rh1+ Kxg7 39. Rxh7+ Kg8 40. Ra7
Rxa4 41. Bb5 Rd8+ 42. Ke3 Ra3+ 43. Ke4 Rc3 44. Bd7 Rc5 45. Be6+ Kf8 46. Rf7+
Ke8 47. Rxf6 Ke7 48. Rg6 Rd6 49. Bf7 Rxg6 50. Bxg6 Kf6 51. Be8 Re5+ 0-1

[Event "Sport Union Annen 1 - SV Kamen 2"]
[Site "Verbandsliga, Gruppe 1 2017/2"]
[Date "2018.03.18"]
[Round "8.3"]
[White "Schulze-Bergcamen, Stefan"]
[Black "Wicht, Juergen"]
[Result "1-0"]
[WhiteElo "1942"]
[BlackElo "2051"]
[PlyCount "95"]
[EventDate "2018.??.??"]

1. d4 g6 2. e4 d6 3. Be3 Nf6 4. f3 c6 5. c3 Nbd7 6. Bd3 a6 7. Ne2 b5 8. a4 Bb7
9. Qd2 e5 10. O-O Qe7 11. axb5 axb5 12. Rxa8+ Bxa8 13. c4 bxc4 14. Bxc4 Bg7 15.
Nbc3 exd4 16. Bxd4 O-O 17. Rd1 d5 18. exd5 cxd5 19. Ba2 Rb8 20. Nf4 Qb4 21.
Bxd5 Nxd5 22. Ncxd5 Qxd4+ 23. Qxd4 Bxd4+ 24. Rxd4 Ne5 25. Re4 Nd7 26. Rb4 g5
27. Nf6+ Kg7 28. Rxb8 Nxb8 29. N4d5 Kg6 30. g4 Na6 31. Kf2 Nb4 32. Nxb4 Kxf6
33. Ke3 Ke5 34. Nd3+ Kd5 35. b3 Bb7 36. Nf2 Ke5 37. Ne4 h6 38. Ng3 Bd5 39. b4
Bc4 40. Nf5 h5 41. Nd4 hxg4 42. fxg4 f6 43. b5 Kd5 44. b6 Ba6 45. Nb3 Kc6 46.
b7 Kc7 47. Nc5 Bc4 48. Ke4 1-0

[Event "Sport Union Annen 1 - SV Kamen 2"]
[Site "Verbandsliga, Gruppe 1 2017/2"]
[Date "2018.03.18"]
[Round "8.4"]
[White "Herrmann, Uwe"]
[Black "Bals, Jochen"]
[Result "1-0"]
[WhiteElo "1923"]
[BlackElo "1855"]
[PlyCount "115"]
[EventDate "2018.??.??"]

1. d4 Nf6 2. c4 g6 3. Nc3 d5 4. cxd5 Nxd5 5. e4 Nxc3 6. bxc3 Bg7 7. Nf3 c5 8.
Rb1 O-O 9. Be3 Qa5 10. Qd2 cxd4 11. cxd4 Qxd2+ 12. Kxd2 Rd8 13. Bd3 Nc6 14. d5
Na5 15. Bg5 f6 16. Bf4 b6 17. Ke2 f5 18. Rhd1 fxe4 19. Bxe4 Ba6+ 20. Bd3 Bxd3+
21. Rxd3 Nc4 22. Ng5 Rac8 23. Ne6 Rd7 24. Rc1 b5 25. h4 Nd6 26. Rc6 Re8 27.
Bxd6 Rxd6 28. Rxd6 exd6 29. Ra3 Bd4 30. Kf3 Bb6 31. Rc3 Kf7 32. Rb3 Rc8 33.
Rxb5 Rc2 34. Ng5+ Kf6 35. Ne4+ Ke5 36. a3 Rc4 37. Nd2 Rd4 38. Ke2 Rxd5 39. Nf3+
Ke6 40. Ng5+ Ke5 41. f4+ Kd4 42. Rxd5+ Kxd5 43. Nxh7 a5 44. a4 Bd8 45. g3 Be7
46. Kd3 Kc5 47. Kc3 Kd5 48. Ng5 Bf6+ 49. Kd3 Be7 50. Ne4 Bd8 51. Nd2 Bb6 52.
Ne4 Bd8 53. Nd2 Bb6 54. Nf3 Bf2 55. g4 Kc5 56. h5 gxh5 57. gxh5 Kb4 58. h6 1-0

[Event "Sport Union Annen 1 - SV Kamen 2"]
[Site "Verbandsliga, Gruppe 1 2017/2"]
[Date "2018.03.18"]
[Round "8.5"]
[White "Markert, Dirk"]
[Black "Sondermann, Dirk"]
[Result "1-0"]
[WhiteElo "1877"]
[BlackElo "1852"]
[PlyCount "41"]
[EventDate "2018.??.??"]

1. e4 e6 2. d4 d5 3. Nd2 a6 4. Ngf3 Nf6 5. e5 Nfd7 6. Bd3 c5 7. c3 Nc6 8. O-O
g5 9. dxc5 g4 10. Nd4 Ndxe5 11. Bc2 Bxc5 12. N2b3 Bd6 13. f4 gxf3 14. Nxf3
Nxf3+ 15. Qxf3 Ne5 16. Qh5 Qc7 17. Bg5 Bd7 18. Bf6 Rf8 19. Nd4 Nc4 20. Rae1 Bc5
21. Bf5 1-0

[Event "Sport Union Annen 1 - SV Kamen 2"]
[Site "Verbandsliga, Gruppe 1 2017/2"]
[Date "2018.03.18"]
[Round "8.6"]
[White "Hartung, Thomas"]
[Black "Krause, Dieter"]
[Result "1-0"]
[WhiteElo "1931"]
[BlackElo "1862"]
[PlyCount "83"]
[EventDate "2018.??.??"]

1. e4 g6 2. d4 Bg7 3. Nc3 d5 4. exd5 Nf6 5. Bc4 Nbd7 6. Nf3 Nb6 7. Bb3 O-O 8.
Bg5 Nbxd5 9. Nxd5 Nxd5 10. Qd2 c6 11. O-O-O a5 12. Bh6 a4 13. Bxd5 Qxd5 14.
Bxg7 Kxg7 15. a3 Bg4 16. Qc3 Bxf3 17. gxf3 Kg8 18. h4 h5 19. Rhg1 Qd6 20. Qe3
Kh7 21. Rde1 Rae8 22. c3 b6 23. f4 e6 24. Rg5 f6 25. Rg3 Qd5 26. Reg1 Rg8 27.
Qd3 Qf5 28. Qxf5 exf5 29. Re3 Re4 30. Rxe4 fxe4 31. Re1 Re8 32. Kd2 b5 33. f3
f5 34. fxe4 fxe4 35. Ke3 Kg7 36. Rg1 Kf6 37. Rg5 Re7 38. Rc5 Re6 39. d5 cxd5
40. Rxd5 Rb6 41. Kxe4 Ke6 42. f5+ 1-0

[Event "Sport Union Annen 1 - SV Kamen 2"]
[Site "Verbandsliga, Gruppe 1 2017/2"]
[Date "2018.03.18"]
[Round "8.7"]
[White "Finke, Wolfgang"]
[Black "Al Ali, Mohammad"]
[Result "1/2-1/2"]
[WhiteElo "1682"]
[BlackElo "1794"]
[PlyCount "135"]
[EventDate "2018.??.??"]

1. Nc3 d5 2. e4 d4 3. Nce2 e5 4. Ng3 g6 5. c3 Be6 6. Nf3 Bg7 7. Bb5+ c6 8. Ba4
Nd7 9. O-O h6 10. b4 a5 11. Bb3 Qe7 12. a3 axb4 13. cxb4 Ngf6 14. d3 Nh7 15.
Bd2 h5 16. h3 Bf6 17. Bc2 h4 18. Ne2 g5 19. Nh2 Ndf8 20. Nc1 Qd7 21. Ng4 Bg7
22. f3 Qe7 23. Nb3 b6 24. a4 Nd7 25. a5 b5 26. Qc1 Ra6 27. Qa3 O-O 28. Rac1
Bxb3 29. Bxb3 Rfa8 30. Rc2 Nb8 31. Qc1 Kh8 32. Rc5 f6 33. Kh1 Nf8 34. Qe1 Nbd7
35. Rc2 Ng6 36. Qc1 Nb8 37. Qb2 Nf4 38. Bxf4 exf4 39. Rfc1 Qxb4 40. Rc5 Rxa5
41. Qc2 Ra1 42. Be6 Rxc1+ 43. Qxc1 Ra3 44. e5 Rc3 45. Rxc3 Qxc3 46. Qb1 fxe5
47. Bf5 Qa3 48. Qc2 c5 49. Nf2 Bf8 50. Ne4 Be7 51. Qe2 Nc6 52. Bd7 Qa6 53. Nf2
Qb7 54. Bxc6 Qxc6 55. Qxe5+ Bf6 56. Qf5 Kg7 57. Ne4 c4 58. Nxg5 Bxg5 59. Qxg5+
Qg6 60. Qe5+ Qf6 61. Qxb5 c3 62. Qd7+ Kg6 63. Qe8+ Kg7 64. Qd7+ Kh6 65. Qc7 Kg5
66. Qc5+ Kg6 67. Qc4 Kg7 68. Qc7+ 1/2-1/2

[Event "Sport Union Annen 1 - SV Kamen 2"]
[Site "Verbandsliga, Gruppe 1 2017/2"]
[Date "2018.03.18"]
[Round "8.8"]
[White "Lauer, Boris"]
[Black "Tubis, Reiner"]
[Result "1-0"]
[WhiteElo "1830"]
[BlackElo "1707"]
[Annotator "Daniel"]
[PlyCount "59"]
[EventDate "2018.??.??"]

1. d4 d5 2. Nf3 Nc6 3. Bf4 Nf6 4. e3 a6 5. h3 e6 6. c3 Bd6 7. Bd3 Qe7 8. Ne5
Bxe5 9. dxe5 Nd7 10. Qg4 f6 11. Qh5+ Kf8 12. exf6 Nxf6 13. Qe2 e5 14. Bg3 Be6
15. Nd2 g6 16. Bh4 Kg7 17. O-O Rhf8 18. a3 b5 19. f3 Na5 20. e4 c5 $11 21. exd5
Bxd5 22. Be4 Qe6 23. Bxf6+ Rxf6 24. Rad1 Rd8 25. Bxd5 Rxd5 26. Ne4 Rf7 27. Ng5
Qc6 28. Nxf7 Kxf7 29. Rxd5 Qxd5 30. f4 1-0

[Event "SV Eichlinghofen 1 - SV Erkenschwick 2"]
[Site "Verbandsliga, Gruppe 1 2017/2"]
[Date "2018.03.18"]
[Round "8.2"]
[White "Schuette, Tobias"]
[Black "Schulze Bisping, Franz-Adolf"]
[Result "1/2-1/2"]
[WhiteElo "2001"]
[BlackElo "1942"]
[PlyCount "25"]
[EventDate "2018.??.??"]

1. e4 e6 2. d4 d5 3. exd5 exd5 4. Bd3 Nc6 5. Ne2 Bd6 6. Nbc3 a6 7. Nxd5 Bxh2 8.
Rxh2 Qxd5 9. Bf4 Bd7 10. Bxc7 Nxd4 11. Nxd4 Qxd4 12. Qe2+ Kf8 13. O-O-O 1/2-1/2

[Event "SV Eichlinghofen 1 - SV Erkenschwick 2"]
[Site "Verbandsliga, Gruppe 1 2017/2"]
[Date "2018.03.18"]
[Round "8.4"]
[White "Wloka, Sebastian"]
[Black "Jungbluth, Rolf"]
[Result "1/2-1/2"]
[WhiteElo "1891"]
[BlackElo "1869"]
[PlyCount "47"]
[EventDate "2018.??.??"]

1. d4 d5 2. c4 e6 3. Nc3 Nf6 4. cxd5 exd5 5. Bg5 c6 6. Qc2 Be7 7. e3 O-O 8. Bd3
Nbd7 9. Nge2 Re8 10. O-O Nf8 11. Rae1 a6 12. f3 h6 13. Bh4 Nh5 14. Bxe7 Rxe7
15. e4 Be6 16. e5 g6 17. Qd2 Kh7 18. f4 Qc8 19. f5 Bxf5 20. Bxf5 gxf5 21. Nf4
Nxf4 22. Qxf4 Ng6 23. Qxf5 Qxf5 24. Rxf5 1/2-1/2

[Event "SV Eichlinghofen 1 - SV Erkenschwick 2"]
[Site "Verbandsliga, Gruppe 1 2017/2"]
[Date "2018.03.18"]
[Round "8.5"]
[White "Schawacht, Max"]
[Black "Brockmann, Michael"]
[Result "1/2-1/2"]
[WhiteElo "1859"]
[BlackElo "1964"]
[PlyCount "21"]
[EventDate "2018.??.??"]

1. e4 c5 2. Nf3 Nc6 3. d4 cxd4 4. Nxd4 g6 5. Nxc6 bxc6 6. Be2 Bg7 7. O-O Nf6 8.
Nc3 d5 9. exd5 cxd5 10. Bb5+ Bd7 11. Bxd7+ 1/2-1/2

[Event "SV Bönen 1 - SK Sodingen/Castrop 2"]
[Site "Verbandsliga, Gruppe 1 2017/2"]
[Date "2018.03.18"]
[Round "8.1"]
[White "Ribbeheger, Edgar"]
[Black "Schlottmann, Fabian"]
[Result "0-1"]
[WhiteElo "1974"]
[BlackElo "2281"]
[PlyCount "70"]
[EventDate "2018.??.??"]

1. c4 c5 2. g3 Nc6 3. Bg2 Nf6 4. Nc3 e6 5. Nf3 d5 6. cxd5 exd5 7. d4 cxd4 8.
Nxd4 Bc5 9. e3 Bg4 10. Nxc6 bxc6 11. Qa4 O-O 12. O-O Qd6 13. a3 a5 14. Qc2 Rfc8
15. Na4 Ba7 16. Bd2 Ne4 17. Bc3 Ng5 18. h4 Nf3+ 19. Bxf3 Bxf3 20. Qf5 Be4 21.
Qg4 f6 22. Rfd1 Bc2 23. h5 Bxd1 24. Rxd1 h6 25. Bxa5 Re8 26. b4 Bxe3 27. fxe3
Rxe3 28. Kf2 Rxa3 29. Nb6 Ra2+ 30. Kf1 Re8 31. Nc4 Qe7 32. Nd2 Rxd2 33. Rxd2
Qe1+ 34. Kg2 Qxd2+ 35. Kh3 Qe2 0-1

[Event "SV Bönen 1 - SK Sodingen/Castrop 2"]
[Site "Verbandsliga, Gruppe 1 2017/2"]
[Date "2018.03.18"]
[Round "8.2"]
[White "Lenz, Guntram"]
[Black "Haberhausen, Ansgar"]
[Result "1/2-1/2"]
[WhiteElo "1952"]
[BlackElo "2023"]
[Annotator "Gernot"]
[PlyCount "54"]
[EventDate "2018.??.??"]

1. d4 Nf6 2. c4 e6 3. Nc3 d5 4. cxd5 exd5 5. Bg5 c6 6. Qc2 Nbd7 7. e3 Be7 8.
Bd3 h6 9. Bf4 O-O 10. h3 Re8 11. Nf3 Nf8 12. O-O Be6 13. a3 Bd6 14. Bxd6 Qxd6
15. b4 a6 16. Rab1 N8h7 17. Bxh7+ Nxh7 18. Ne5 Ng5 19. f4 Ne4 20. Nxe4 dxe4 21.
f5 f6 22. fxe6 fxe5 23. Qxe4 Qxe6 24. Rbd1 exd4 25. Qxe6+ Rxe6 26. Rxd4 Re7 27.
Rf3 Rae8 $11 1/2-1/2

[Event "SV Bönen 1 - SK Sodingen/Castrop 2"]
[Site "Verbandsliga, Gruppe 1 2017/2"]
[Date "2018.03.18"]
[Round "8.3"]
[White "Förster, Wolfgang"]
[Black "Fuest, Torsten"]
[Result "1-0"]
[WhiteElo "1956"]
[BlackElo "1888"]
[PlyCount "95"]
[EventDate "2018.??.??"]

1. e4 c5 2. Nc3 Nc6 3. g3 g6 4. Bg2 Bg7 5. d3 d6 6. Be3 Rb8 7. a4 a6 8. Qd2 b5
9. axb5 axb5 10. Rb1 b4 11. Nd1 Qb6 12. Ne2 Bb7 13. O-O Nd4 14. h3 Rc8 15. Kh2
Nf6 16. f4 O-O 17. g4 Nd7 18. Ng3 Qb5 19. b3 Ra8 20. Rf2 Ra2 21. Qc1 Rfa8 22.
Nb2 Nb6 23. f5 Qa5 24. g5 Be5 25. Bf4 Ra1 26. Bxe5 dxe5 27. Rf1 Rxb1 28. Qxb1
Qa2 29. Qc1 Nc8 30. Na4 Ra5 31. fxg6 hxg6 32. Nb2 Nd6 33. h4 Ne6 34. Ne2 Nb5
35. Nc4 Ra8 36. Nxe5 Rf8 37. Nf3 Na3 38. Ne1 Bc6 39. Rf2 Nd4 40. Nxd4 cxd4 41.
Qd2 Rb8 42. Qf4 Rf8 43. Qc7 Qa1 44. Nf3 Qc3 45. Qxe7 Rb8 46. Ne5 Rb7 47. Qd8+
Kh7 48. Nxf7 1-0

[Event "SV Bönen 1 - SK Sodingen/Castrop 2"]
[Site "Verbandsliga, Gruppe 1 2017/2"]
[Date "2018.03.18"]
[Round "8.4"]
[White "Schötz, Hans-Joachim"]
[Black "Schriewer, Thomas"]
[Result "1-0"]
[WhiteElo "1913"]
[BlackElo "1916"]
[PlyCount "75"]
[EventDate "2018.??.??"]

1. e4 c5 2. Nf3 Nc6 3. d4 cxd4 4. Nxd4 Nf6 5. Nc3 e5 6. Ndb5 d6 7. Nd5 Nxd5 8.
exd5 Nb8 9. c4 Be7 10. Bd3 O-O 11. Be3 f5 12. f3 Nd7 13. O-O b6 14. b4 a6 15.
Nc3 Nf6 16. Qc2 g6 17. a4 Nh5 18. a5 bxa5 19. bxa5 Bg5 20. Bb6 Qe7 21. g3 Rb8
22. Rae1 f4 23. Bxg6 hxg6 24. Qxg6+ Ng7 25. Ne4 Bf6 26. gxf4 Bf5 27. Qh6 Bxe4
28. Rxe4 Nf5 29. Qh5 Qh7 30. Qxh7+ Kxh7 31. fxe5 Rg8+ 32. Kh1 Bxe5 33. c5 Rg6
34. c6 Rbg8 35. Rg4 Rh6 36. Rxg8 Kxg8 37. c7 Ne7 38. f4 1-0

[Event "SV Bönen 1 - SK Sodingen/Castrop 2"]
[Site "Verbandsliga, Gruppe 1 2017/2"]
[Date "2018.03.18"]
[Round "8.5"]
[White "Hessel, Malte"]
[Black "Helmert, Jochen"]
[Result "1/2-1/2"]
[WhiteElo "1857"]
[BlackElo "1872"]
[PlyCount "50"]
[EventDate "2018.??.??"]

1. d4 Nf6 2. Nf3 e6 3. e3 c5 4. c3 Nc6 5. Bd3 cxd4 6. cxd4 Nb4 7. O-O Nxd3 8.
Qxd3 d5 9. b3 Be7 10. Ba3 O-O 11. Bxe7 Qxe7 12. Rc1 Bd7 13. Nbd2 Rfc8 14. a4
Qd8 15. Qf1 Rxc1 16. Rxc1 Rc8 17. h3 Rc7 18. Ne5 Be8 19. Nd3 Qc8 20. Rxc7 Qxc7
21. Qc1 Qxc1+ 22. Nxc1 Kf8 23. Kf1 Ke7 24. Ke2 Nd7 25. Nd3 b6 1/2-1/2

[Event "SV Bönen 1 - SK Sodingen/Castrop 2"]
[Site "Verbandsliga, Gruppe 1 2017/2"]
[Date "2018.03.18"]
[Round "8.6"]
[White "Medger, Gernot"]
[Black "Kock, Wolfgang"]
[Result "1/2-1/2"]
[WhiteElo "1786"]
[BlackElo "1959"]
[PlyCount "71"]
[EventDate "2018.??.??"]

1. d4 Nf6 2. Nf3 b6 3. e3 Bb7 4. Bd3 d6 5. O-O Nbd7 6. Nbd2 e5 7. dxe5 dxe5 8.
Bc4 Bd6 9. Qe2 e4 10. Nd4 O-O 11. Nf5 Be5 12. Rb1 g6 13. Ng3 h5 14. Ba6 Bd5 15.
Bc4 c6 16. Bxd5 cxd5 17. Rd1 Qc7 18. Nb3 Rad8 19. Nd4 Qb7 20. Bd2 Bb8 21. Bc3
Ne5 22. h3 Rfe8 23. Qb5 Rc8 24. Nb3 a6 25. Qe2 Nh7 26. Rd4 Ng5 27. Rbd1 Rcd8
28. R4d2 Nc4 29. Bf6 Nxd2 30. Rxd2 Ne6 31. Nxh5 Rc8 32. Qg4 Nf8 33. Qg5 Kh7 34.
Bg7 f6 35. Qh6+ Kg8 36. Nxf6+ 1/2-1/2

[Event "SV Bönen 1 - SK Sodingen/Castrop 2"]
[Site "Verbandsliga, Gruppe 1 2017/2"]
[Date "2018.03.18"]
[Round "8.7"]
[White "Mittelbachert, Ulrich"]
[Black "Volling, Andreas"]
[Result "1-0"]
[WhiteElo "1834"]
[BlackElo "1841"]
[PlyCount "67"]
[EventDate "2018.??.??"]

1. Nf3 d5 2. g3 c5 3. Bg2 Nc6 4. d4 e6 5. O-O Nf6 6. c4 cxd4 7. Nxd4 Qb6 8.
Nxc6 bxc6 9. Nc3 Bb7 10. Bg5 Be7 11. cxd5 cxd5 12. e4 Nxe4 13. Nxe4 dxe4 14.
Bxe7 Kxe7 15. Qg4 Qd4 16. Qg5+ Ke8 17. Rfd1 Qb6 18. Qxg7 Rf8 19. Qe5 f6 20.
Qh5+ Rf7 21. Rd7 Kxd7 22. Qxf7+ Kd6 23. Qxf6 Bd5 24. Qf4+ Kd7 25. Qf7+ Kd6 26.
Rc1 Rb8 27. Qf4+ Kd7 28. Bxe4 Bxe4 29. Qxe4 Qxb2 30. Qxh7+ Kd8 31. Qc7+ Ke8 32.
Rd1 Qb5 33. Qg7 a5 34. Qf6 1-0

[Event "SV Bönen 1 - SK Sodingen/Castrop 2"]
[Site "Verbandsliga, Gruppe 1 2017/2"]
[Date "2018.03.18"]
[Round "8.8"]
[White "Mönkemeyer, Maik"]
[Black "Mewes, Karsten"]
[Result "1/2-1/2"]
[WhiteElo "1701"]
[BlackElo "1946"]
[Annotator "Gernot"]
[PlyCount "51"]
[EventDate "2018.??.??"]

1. d4 g6 2. c4 Bg7 3. Nc3 c5 4. d5 Bxc3+ 5. bxc3 f5 6. Nf3 Nf6 7. e3 Qa5 8. Qc2
d6 9. Bd3 Nbd7 10. O-O Nb6 11. Re1 Bd7 12. e4 fxe4 13. Bxe4 O-O-O 14. Bd3 Rde8
15. Bg5 Qa4 16. Qxa4 Nxa4 17. Rxe7 Rxe7 18. Bxf6 Rhe8 19. Bxe7 Rxe7 20. Rc1 Nb2
21. Bf1 Bf5 22. h3 Kc7 23. g4 Bd3 24. Bxd3 Nxd3 25. Rc2 Nf4 26. h4 $11 1/2-1/2